Comparison of PCR, pp65 antigenemia assay with shell vial culture for the detection of cytomegalovirus infection in renal transplant recipients admitted to University Malaya Medical Centre, Kuala Lumpur, Malaysia /
Saved in:
| 主要作者: | |
|---|---|
| 格式: | Thesis 图书 |
| 语言: | English |
| 出版: |
2002.
|
| 主题: | |
| 标签: |
添加标签
没有标签, 成为第一个标记此记录!
|
| LEADER | 01056nam a2200241 a 4500 | ||
|---|---|---|---|
| 001 | u697012 | ||
| 003 | SIRSI | ||
| 008 | 920910s2002 my a t 1 eng m | ||
| 035 | |a ADB-7991 | ||
| 040 | |a UMP | ||
| 096 | |a WB115 |b UM 2002 Shy | ||
| 100 | 1 | 0 | |a Shyamala Poosparajah. |
| 245 | 1 | 0 | |a Comparison of PCR, pp65 antigenemia assay with shell vial culture for the detection of cytomegalovirus infection in renal transplant recipients admitted to University Malaya Medical Centre, Kuala Lumpur, Malaysia / |c Shyamala Poosparajah. |
| 260 | 0 | |c 2002. | |
| 300 | |a xvii, 36 leaves : |b ill. ; |c 30 cm. | ||
| 502 | |a Dissertation (M.Int. Med.) -- Department of Internal Medicine, Faculty of Medicine, University of Malaya, 2002. | ||
| 504 | |a Bibliography : leaves 30-35 | ||
| 650 | 2 | |a Cytomegal ovirus infections. | |
| 650 | 2 | |a Kidney Transplantion. | |
| 710 | 2 | 0 | |a Universiti Malaya. |b Jabatan Perubatan Dalaman. |
| 948 | |a 09/07/2004 |b 09/07/2004 | ||
| 596 | |a 2 | ||
| 999 | |a WB115 UM 2002 SHY |w NLM |c 1 |i A503638746 |d 19/7/2007 |f 19/7/2007 |g 1 |l TESIS |m P02MEDKL |r Y |s Y |t TESIS |u 19/7/2007 | ||
